[Event "Politiken Cup 2008"]
[Site "Helsingør DEN"]
[Date "2008.07.21"]
[Round "4.38"]
[White "Jorgensen, Rasmus"]
[Black "Skovgaard, Peter"]
[Result "0-1"]
[WhiteElo "2036"]
[BlackElo "2255"]
[PlyCount "96"]
[EventDate "2008.07.20"]
[EventType "swiss"]
[EventRounds "9"]
[EventCountry "DEN"]
[Source "lmi"]
[SourceDate "2008.07.20"]
[WhiteTeam "K41"]
[BlackTeam "BMS"]

1. e4 c5 2. b3 Nc6 3. Bb2 d6 4. Bb5 Bd7 5. f4 Nf6 6. Bxc6 Bxc6 7. d3 d5 8. e5
Nd7 9. Nf3 e6 10. Nbd2 Be7 11. Qe2 Nb6 12. O-O O-O 13. Rae1 d4 14. Ne4 Nd5 15.
Bc1 Nb4 16. a3 Bxe4 17. Qxe4 Nxc2 18. Re2 Ne3 19. Bxe3 dxe3 20. Rxe3 Qd7 21.
Kh1 Rad8 22. a4 Qd5 23. Nd2 Qxe4 24. Nxe4 Rd4 25. g4 Rfd8 26. Rff3 Rb4 27. Nd2
c4 28. bxc4 Rxa4 29. Ne4 a5 30. Re2 Rb4 31. Ra2 a4 32. f5 a3 33. fxe6 fxe6 34.
Nd6 Rb3 35. c5 Rf8 36. Rxf8+ Bxf8 37. Ra1 Bxd6 38. exd6 Rxd3 39. Kg2 Kf8 40.
Kf2 Ke8 41. h4 Rb3 42. Ke2 Kd7 43. g5 b6 44. Rc1 bxc5 45. Rxc5 Kxd6 46. Ra5 Rh3
47. Kf2 a2 48. g6 h6 0-1

[Event "Politiken Cup 2008"]
[Site "Helsingør DEN"]
[Date "2008.07.21"]
[Round "4.40"]
[White "Christensen, Bo Garner"]
[Black "Storgaard, Morten"]
[Result "0-1"]
[WhiteElo "2247"]
[BlackElo "2081"]
[PlyCount "120"]
[EventDate "2008.07.20"]
[EventType "swiss"]
[EventRounds "9"]
[EventCountry "DEN"]
[Source "lmi"]
[SourceDate "2008.07.20"]
[WhiteTeam "Skovbo"]
[BlackTeam "Herning"]

1. e4 d5 2. exd5 Nf6 3. d4 Nxd5 4. c4 Nb6 5. Nf3 Bg4 6. Be2 Nc6 7. Be3 e6 8.
O-O Be7 9. Nc3 O-O 10. b3 Bf6 11. Ne4 Bxf3 12. Nxf6+ Qxf6 13. Bxf3 Rad8 14.
Bxc6 bxc6 15. Qh5 Qf5 16. Qxf5 exf5 17. f3 f6 18. Rfe1 Kf7 19. Rad1 Rd7 20. h4
Rfd8 21. Rc1 Nc8 22. Rc2 Ne7 23. Rce2 f4 24. Bxf4 Nf5 25. d5 cxd5 26. cxd5 Nxh4
27. Rc1 Ng6 28. Bxc7 Rc8 29. Rec2 Rxd5 30. Bg3 Rxc2 31. Rxc2 Ne7 32. Rc7 a5 33.
Ra7 Kf8 34. Ra6 Nf5 35. Bc7 Rd1+ 36. Kh2 Rd2 37. Bxa5 Rc2 38. a4 Ne3 39. Bb4+
Kf7 40. Ra7+ Kg6 41. Bf8 Rxg2+ 42. Kh3 Kf5 43. Bc5 Rf2 44. Bxe3 Rxf3+ 45. Kg2
Rxe3 46. Rb7 g5 47. a5 Re2+ 48. Kf3 Ra2 49. Rb5+ Kg6 50. b4 h5 51. Rb8 h4 52.
Rg8+ Kf5 53. Rc8 Ra3+ 54. Kg2 g4 55. Rc2 Kg5 56. Rb2 h3+ 57. Kh2 Kh4 58. Rb1
g3+ 59. Kh1 Ra2 60. b5 h2 0-1

[Event "Politiken Cup 2008"]
[Site "Helsingør DEN"]
[Date "2008.07.21"]
[Round "4.41"]
[White "Mangelschots, Peter"]
[Black "Hess, Christian"]
[Result "0-1"]
[WhiteElo "2069"]
[BlackElo "2235"]
[PlyCount "108"]
[EventDate "2008.07.20"]
[EventType "swiss"]
[EventRounds "9"]
[EventCountry "DEN"]
[Source "lmi"]
[SourceDate "2008.07.20"]
[WhiteTeam "TSM Schaakclub"]
[BlackTeam "Königspringer Hamburg"]

1. e4 c6 2. Nf3 d5 3. Nc3 Bg4 4. h3 Bxf3 5. Qxf3 Nf6 6. d3 e6 7. Be2 Nbd7 8.
Bd2 Bb4 9. O-O O-O 10. Qg3 Kh8 11. e5 Ng8 12. f4 Qb6+ 13. d4 Qxd4+ 14. Be3
Qxe3+ 15. Qxe3 Bc5 16. Qxc5 Nxc5 17. Rad1 a5 18. h4 Ne7 19. Bg4 g6 20. Kh2 h5
21. Bh3 Nf5 22. Bxf5 gxf5 23. Ne2 Ne4 24. Rd3 Rg8 25. a4 Ra6 26. b3 Rb6 27.
Rff3 Rg4 28. g3 Rg8 29. Ng1 Rb4 30. Nh3 Rc8 31. Ng5 Kg7 32. Kg2 b5 33. Rf1 bxa4
34. bxa4 Rxa4 35. Rb3 Rb4 36. Ra3 Nxg5 37. hxg5 a4 38. c3 Rb3 39. Rxa4 Rxc3 40.
Rb1 Rc2+ 41. Kh3 c5 42. Ra7 c4 43. Rbb7 Rf8 44. Rd7 Rd2 45. Rac7 Rd3 46. Rc6
Kg6 47. Rdc7 h4 48. Kg2 Rxg3+ 49. Kf2 Rd3 50. Kg2 c3 51. Re7 Rb8 52. Kf1 Rd2
53. Rxc3 Rb1+ 54. Rc1 Rxc1# 0-1

[Event "Politiken Cup 2008"]
[Site "Helsingør DEN"]
[Date "2008.07.21"]
[Round "4.42"]
[White "Johansson, Alexander"]
[Black "Hanssen, Gunnar Berg"]
[Result "1/2-1/2"]
[WhiteElo "2060"]
[BlackElo "2232"]
[PlyCount "92"]
[EventDate "2008.07.20"]
[EventType "swiss"]
[EventRounds "9"]
[EventCountry "DEN"]
[Source "lmi"]
[SourceDate "2008.07.20"]
[WhiteTeam "Lund ASK"]
[BlackTeam "Tromsø"]

1. d4 Nf6 2. c4 c5 3. d5 b5 4. cxb5 a6 5. b6 Qxb6 6. Nc3 d6 7. e4 g6 8. Be2 Bg7
9. Nf3 O-O 10. O-O Bg4 11. h3 Bxf3 12. Bxf3 Nbd7 13. Rb1 Rfb8 14. Kh1 a5 15.
Be3 a4 16. Nxa4 Qb4 17. Nc3 Ne8 18. Qc2 Nc7 19. Be2 Ne5 20. Bg5 Kf8 21. Qc1 Nc4
22. Bh6 Bxh6 23. Qxh6+ Kg8 24. Bxc4 Qxc4 25. Qg5 f6 26. Qg4 Nb5 27. Qe6+ Kf8
28. Nxb5 Rxb5 29. e5 Qf4 30. Qd7 Rab8 31. exf6 Qxf6 32. Rbe1 R5b7 33. Qg4 Rxb2
34. Re6 Qf5 35. Qh4 Rb1 36. Qxe7+ Kg8 37. Ree1 Rxe1 38. Rxe1 Qxf2 39. Qe6+ Kh8
40. a4 c4 41. a5 c3 42. a6 c2 43. a7 Qxa7 44. Qxd6 Qb6 45. Qe5+ Kg8 46. d6 Rf8
1/2-1/2

[Event "Politiken Cup 2008"]
[Site "Helsingør DEN"]
[Date "2008.07.21"]
[Round "4.43"]
[White "Olsen, Peter Erik"]
[Black "Hansen, Pal Andreas"]
[Result "1/2-1/2"]
[WhiteElo "2224"]
[BlackElo "2069"]
[PlyCount "35"]
[EventDate "2008.07.20"]
[EventType "swiss"]
[EventRounds "9"]
[EventCountry "DEN"]
[Source "lmi"]
[SourceDate "2008.07.20"]
[WhiteTeam "Seksløberen"]
[BlackTeam "Verdal"]

1. d4 Nf6 2. c4 g6 3. Nc3 Bg7 4. e4 d6 5. Bg5 h6 6. Bh4 c5 7. d5 Qa5 8. Qd2 g5
9. Bg3 Nh5 10. Bd3 Nd7 11. Nge2 Ne5 12. Rb1 Nxg3 13. hxg3 g4 14. a3 Bd7 15. Nf4
Nxd3+ 16. Nxd3 O-O-O 17. Ne2 Qxd2+ 18. Kxd2 1/2-1/2

[Event "Politiken Cup 2008"]
[Site "Helsingør DEN"]
[Date "2008.07.21"]
[Round "4.45"]
[White "Roelvaag, Mikael"]
[Black "Strand, Kjetil"]
[Result "1/2-1/2"]
[WhiteElo "2214"]
[BlackElo "2066"]
[PlyCount "132"]
[EventDate "2008.07.20"]
[EventType "swiss"]
[EventRounds "9"]
[EventCountry "DEN"]
[Source "lmi"]
[SourceDate "2008.07.20"]
[WhiteTeam "Narvik"]
[BlackTeam "Asker"]

1. e4 e5 2. Nf3 Nc6 3. Bc4 Bc5 4. d3 d6 5. c3 Nf6 6. Bb3 O-O 7. Nbd2 Qe7 8. O-O
Bg4 9. Re1 Rad8 10. h3 Be6 11. Bc2 Bb6 12. Qe2 h6 13. Nc4 Bxc4 14. dxc4 Nh5 15.
Nh2 Qh4 16. Ng4 Ne7 17. Kh2 f5 18. g3 fxg4 19. gxh4 Rxf2+ 20. Qxf2 Bxf2 21.
hxg4 Bxe1 22. gxh5 Rf8 23. Bb3 Rf2+ 24. Kg1 Rf6 25. Be3 Bxh4 26. c5+ Kf8 27.
cxd6 Rxd6 28. Kg2 b6 29. Rf1+ Bf6 30. Kf3 Nc6 31. Bc2 Ke7 32. Ke2 Nb8 33. Bd3
Nd7 34. Bc4 Nf8 35. b3 Ne6 36. Bc1 Bg5 37. Bxe6 Bxc1 38. Bc4 Bf4 39. Rd1 Rf6
40. Ba6 Bg3 41. Rf1 g6 42. Rxf6 Kxf6 43. hxg6 Kxg6 44. Bc8 Kg5 45. Kf3 Be1 46.
c4 h5 47. a4 Kf6 48. Bh3 Ke7 49. Ke2 Bb4 50. Bf5 Kd6 51. Kd3 Kc5 52. Bh3 Be1
53. Bc8 Kb4 54. Kc2 h4 55. Bh3 a6 56. Bc8 b5 57. axb5 a5 58. Bh3 a4 59. bxa4
Kxc4 60. Kd1 Bc3 61. Ke2 Kb4 62. Bd7 Bd4 63. Kf3 Bb6 64. Kg4 Bf2 65. Kh3 Be1
66. Bc6 Ka5 1/2-1/2

[Event "Politiken Cup 2008"]
[Site "Helsingør DEN"]
[Date "2008.07.21"]
[Round "4.47"]
[White "Christensen, Esben"]
[Black "Van Der Linde, Maurits"]
[Result "0-1"]
[WhiteElo "2041"]
[BlackElo "2205"]
[PlyCount "136"]
[EventDate "2008.07.20"]
[EventType "swiss"]
[EventRounds "9"]
[EventCountry "DEN"]
[Source "lmi"]
[SourceDate "2008.07.20"]
[WhiteTeam "Brønshøj"]
[BlackTeam "SV Spijkenisse"]

1. e4 e5 2. Nf3 Nc6 3. Bc4 Nf6 4. d3 Be7 5. O-O O-O 6. Re1 d6 7. c3 Na5 8. Bb5
a6 9. Ba4 b5 10. Bc2 c5 11. Nbd2 Nd7 12. d4 cxd4 13. cxd4 Bf6 14. Nf1 Nc6 15.
Be3 Nb6 16. dxe5 Nxe5 17. Nxe5 Bxe5 18. Bd4 Be6 19. Bb3 Bxb3 20. axb3 Nd7 21.
Ne3 Nc5 22. Bxe5 dxe5 23. Qc2 Ne6 24. Nd5 Qd6 25. Rac1 Ra7 26. Qd3 Nd4 27. f4
f6 28. Rc3 Rd7 29. Rec1 Rfd8 30. g4 g6 31. Rf1 f5 32. gxf5 gxf5 33. fxe5 Qxe5
34. Qe3 Rg7+ 35. Kh1 Rxd5 36. exd5 Qxd5+ 37. Rf3 Qxf3+ 38. Qxf3 Nxf3 39. Rxf3
Rg5 40. h4 Rg4 41. Rxf5 Rxh4+ 42. Kg2 Rh6 43. Kg3 Kg7 44. Rd5 Rf6 45. Rd7+ Kg6
46. Rd5 h6 47. Kg2 Kf7 48. Rc5 Ke6 49. Rh5 Kd6 50. Kg3 Kc6 51. b4 Kb6 52. Re5
a5 53. bxa5+ Kxa5 54. Re4 Rc6 55. Kf3 Rc2 56. b4+ Ka4 57. Ke3 Rc4 58. Re6 h5
59. Rh6 h4 60. Kd2 Kxb4 61. Rh8 Kb3 62. Rh7 b4 63. Rh8 Kb2 64. Rh7 b3 65. Rh8
Kb1 66. Rh7 b2 67. Rh8 Ka2 68. Ra8+ Kb3 0-1

[Event "Politiken Cup 2008"]
[Site "Helsingør DEN"]
[Date "2008.07.21"]
[Round "4.49"]
[White "Van Zutphen, Jimmy"]
[Black "Petersen, Nils"]
[Result "1/2-1/2"]
[WhiteElo "2201"]
[BlackElo "2043"]
[PlyCount "68"]
[EventDate "2008.07.20"]
[EventType "swiss"]
[EventRounds "9"]
[EventCountry "DEN"]
[Source "lmi"]
[SourceDate "2008.07.20"]
[WhiteTeam "SV De Wijker Toren"]
[BlackTeam "Øbro"]

1. d4 Nf6 2. c3 e6 3. Bg5 d5 4. e3 Be7 5. Nd2 Nbd7 6. f4 h6 7. Bxf6 Nxf6 8. Bd3
b6 9. Ngf3 Bb7 10. O-O O-O 11. Ne5 Nd7 12. Qe2 f5 13. Nxd7 Qxd7 14. Nf3 Bf6 15.
Kh1 g6 16. Rg1 h5 17. Ne5 Bxe5 18. fxe5 c5 19. h3 Rf7 20. g3 Rh7 21. Rg2 Kf7
22. Rf1 Rd8 23. Kg1 Qe7 24. Kf2 c4 25. Bc2 Bc6 26. Rfg1 Rdh8 27. Qf3 Qg5 28.
Bd1 Ke7 29. Be2 Kd7 30. Ke1 Qe7 31. Qf2 g5 32. g4 fxg4 33. hxg4 Rf8 34. Qg3 h4
1/2-1/2

[Event "Politiken Cup 2008"]
[Site "Helsingør DEN"]
[Date "2008.07.21"]
[Round "4.50"]
[White "Ramme, Christoph"]
[Black "Vanparys, Philip"]
[Result "0-1"]
[WhiteElo "2041"]
[BlackElo "2199"]
[PlyCount "188"]
[EventDate "2008.07.20"]
[EventType "swiss"]
[EventRounds "9"]
[EventCountry "DEN"]
[Source "lmi"]
[SourceDate "2008.07.20"]
[WhiteTeam "SK Marmsdorf"]
[BlackTeam "TSM Schaakclub"]

1. d4 Nf6 2. Nf3 e6 3. e3 b6 4. Bd3 Bb7 5. Nbd2 c5 6. O-O Be7 7. b3 Nc6 8. a3
d5 9. Bb2 O-O 10. Qe2 Rc8 11. Rfd1 Qc7 12. Rac1 cxd4 13. exd4 Bd6 14. Ne5 Qe7
15. Ra1 Bxe5 16. dxe5 Nd7 17. Re1 Qh4 18. Nf3 Qh5 19. Qe3 Nc5 20. Rac1 Ne7 21.
Qg5 Qxg5 22. Nxg5 Nxd3 23. cxd3 Ba6 24. d4 Nc6 25. Nf3 Bd3 26. Nd2 Ne7 27. Rxc8
Rxc8 28. Rc1 Rxc1+ 29. Bxc1 Nf5 30. Bb2 h5 31. Nf3 Kf8 32. g3 Ke8 33. h3 Be2
34. Nd2 Kd7 35. Bc3 Kc6 36. Kg2 Bd1 37. Kf1 Bc2 38. Ke2 h4 39. g4 Ne7 40. Bb4
Ng6 41. Ke3 Kb5 42. Bd6 Kc6 43. Bb4 a5 44. Bd6 f5 45. f3 Kd7 46. a4 f4+ 47. Ke2
Ne7 48. Ba3 Nc6 49. Bb2 Nd8 50. Ba3 g6 51. Bc1 Nc6 52. Bb2 Kc7 53. Bc3 Kb7 54.
Bb2 Ka6 55. Ba1 b5 56. axb5+ Kxb5 57. Bc3 Nd8 58. Kf2 Nf7 59. Kf1 Ng5 60. Kg2
Bd1 61. Nb1 Bxb3 62. Bd2 Kc4 63. Bxf4 Nf7 64. Bd2 a4 65. f4 Kxd4 66. f5 gxf5
67. gxf5 Kxe5 68. fxe6 Kxe6 69. Be1 Bc2 70. Na3 Be4+ 71. Kf1 Bf5 72. Bxh4 Bxh3+
73. Ke2 Ke5 74. Ke3 d4+ 75. Ke2 Kd5 76. Kd2 Bf5 77. Bf6 Nd6 78. Bg7 Bg6 79. Kc1
Nf5 80. Bf6 Kc5 81. Kb2 Ng3 82. Be7+ Kd5 83. Bf6 Bd3 84. Bg7 Ke4 85. Bf6 Nf5
86. Bg5 Kf3 87. Nc2 Bxc2 88. Kxc2 Ke2 89. Bc1 Ne3+ 90. Kb2 Nc4+ 91. Kc2 d3+ 92.
Kc3 Nb6 93. Bg5 Nd5+ 94. Kb2 Ne3 0-1

[Event "Politiken Cup 2008"]
[Site "Helsingør DEN"]
[Date "2008.07.21"]
[Round "4.51"]
[White "Rabus, Berthold"]
[Black "Hansen, Mads"]
[Result "1-0"]
[WhiteElo "2198"]
[BlackElo "2041"]
[PlyCount "63"]
[EventDate "2008.07.20"]
[EventType "swiss"]
[EventRounds "9"]
[EventCountry "DEN"]
[Source "lmi"]
[SourceDate "2008.07.20"]
[WhiteTeam "SC Grunbach"]
[BlackTeam "Frem"]

1. d4 d5 2. Bf4 Nf6 3. e3 c5 4. c3 Nc6 5. Nd2 e6 6. Ngf3 Be7 7. Ne5 O-O 8. Bd3
Nxe5 9. dxe5 Nd7 10. Qh5 f5 11. Nf3 Qe8 12. Qh3 b6 13. g4 c4 14. Bc2 Nc5 15.
Rd1 Nd3+ 16. Rxd3 cxd3 17. Bxd3 Qa4 18. gxf5 exf5 19. Rg1 g6 20. Qh6 Ba6 21. e6
Bf6 22. Rxg6+ hxg6 23. Qxg6+ Kh8 24. Qh6+ Kg8 25. Qg6+ Kh8 26. Bxf5 Bxc3+ 27.
bxc3 Rxf5 28. Qh6+ Kg8 29. Qg6+ Kh8 30. Qxf5 Qe8 31. Be5+ Kg8 32. Qg5+ 1-0

[Event "Politiken Cup 2008"]
[Site "Helsingør DEN"]
[Date "2008.07.21"]
[Round "4.53"]
[White "Rossen, Claus"]
[Black "Gardarsson, Hordur"]
[Result "0-1"]
[WhiteElo "2187"]
[BlackElo "1943"]
[PlyCount "64"]
[EventDate "2008.07.20"]
[EventType "swiss"]
[EventRounds "9"]
[EventCountry "DEN"]
[Source "lmi"]
[SourceDate "2008.07.20"]
[WhiteTeam "Tjele"]

1. e4 c6 2. c4 d5 3. cxd5 cxd5 4. exd5 Nf6 5. Bb5+ Nbd7 6. Nc3 g6 7. Nf3 Bg7 8.
O-O O-O 9. d4 Nb6 10. Re1 Nbxd5 11. Bg5 Bg4 12. h3 Bxf3 13. Qxf3 Nxc3 14. bxc3
a6 15. Ba4 b5 16. Bb3 Rc8 17. Qb7 h6 18. Bd2 e6 19. Qxa6 b4 20. Qd3 bxc3 21.
Bxc3 Nd5 22. Bd2 Qd6 23. Rac1 Rxc1 24. Rxc1 Rd8 25. Qe4 Ne7 26. Be3 Nf5 27. Rc6
Qb4 28. Qb1 Nxd4 29. Rc4 Qd6 30. Bxd4 Bxd4 31. Qe4 Be5 32. Rc6 Qd1+ 0-1

[Event "Politiken Cup 2008"]
[Site "Helsingør DEN"]
[Date "2008.07.21"]
[Round "4.54"]
[White "Jensen, Ib"]
[Black "Hvenekilde, Jorgen"]
[Result "1/2-1/2"]
[WhiteElo "2005"]
[BlackElo "2179"]
[PlyCount "46"]
[EventDate "2008.07.20"]
[EventType "swiss"]
[EventRounds "9"]
[EventCountry "DEN"]
[Source "lmi"]
[SourceDate "2008.07.20"]
[WhiteTeam "Helsingør"]
[BlackTeam "Næstved"]

1. d4 Nf6 2. Nf3 g6 3. Bf4 Bg7 4. Nbd2 O-O 5. e4 d6 6. h3 Nbd7 7. Bd3 c5 8. c3
a6 9. a4 Rb8 10. Qe2 Nh5 11. Bh2 e5 12. O-O Qe7 13. Rfe1 Re8 14. Qe3 Qf8 15. g4
Bh6 16. g5 Bg7 17. b4 cxd4 18. cxd4 exd4 19. Nxd4 Ne5 20. Bf1 Nc6 21. Nxc6 bxc6
22. Rab1 Be6 23. Qd3 Be5 1/2-1/2

[Event "Politiken Cup 2008"]
[Site "Helsingør DEN"]
[Date "2008.07.21"]
[Round "4.55"]
[White "Moller, Arne"]
[Black "Reyer, Ulli"]
[Result "0-1"]
[WhiteElo "1943"]
[BlackElo "2178"]
[PlyCount "36"]
[EventDate "2008.07.20"]
[EventType "swiss"]
[EventRounds "9"]
[EventCountry "DEN"]
[Source "lmi"]
[SourceDate "2008.07.20"]
[WhiteTeam "Amager"]
[BlackTeam "Greiffswalder"]

1. e4 e5 2. Nf3 Nc6 3. Bb5 a6 4. Ba4 Nf6 5. O-O Be7 6. Re1 b5 7. Bb3 O-O 8. c3
d5 9. exd5 Nxd5 10. d4 exd4 11. Nxd4 Nxd4 12. Qxd4 Bb7 13. Bc2 Bd6 14. Be3 Nxe3
15. Rxe3 Qg5 16. g3 Bc5 17. Re5 Rae8 18. Qd3 Qc1+ 0-1

[Event "Politiken Cup 2008"]
[Site "Helsingør DEN"]
[Date "2008.07.21"]
[Round "4.56"]
[White "Nguyen, Michael"]
[Black "Nielsen, Palle"]
[Result "1-0"]
[WhiteElo "2174"]
[BlackElo "1864"]
[PlyCount "85"]
[EventDate "2008.07.20"]
[EventType "swiss"]
[EventRounds "9"]
[EventCountry "DEN"]
[Source "lmi"]
[SourceDate "2008.07.20"]
[WhiteTeam "Rokaden"]
[BlackTeam "Ålsgårde"]

1. d4 e6 2. c4 d5 3. Nf3 Nc6 4. Nc3 Nf6 5. Bg5 Be7 6. e3 h6 7. Bh4 O-O 8. Rc1
a6 9. Bd3 dxc4 10. Bxc4 Nd5 11. Bxe7 Ncxe7 12. Ne4 c6 13. O-O Ng6 14. Nc5 Qe7
15. Nd3 Nb6 16. Bb3 Nd7 17. Nde5 Ndxe5 18. dxe5 Rd8 19. Qc2 Bd7 20. Qc3 Rac8
21. Bc2 Nf8 22. Be4 Be8 23. b4 Rc7 24. Nd2 f5 25. Bf3 g5 26. g3 Qg7 27. Bg2 h5
28. f4 Rcd7 29. Nf3 Rd3 30. Qe1 gxf4 31. gxf4 Ng6 32. Nd4 R3xd4 33. exd4 Rxd4
34. Qe3 Rxb4 35. Qd2 Nh4 36. Rc3 Qxg2+ 37. Qxg2+ Nxg2 38. Kxg2 b5 39. Ra3 c5
40. Rxa6 Bd7 41. Rd1 Rd4 42. Rxd4 cxd4 43. Rd6 1-0

[Event "Politiken Cup 2008"]
[Site "Helsingør DEN"]
[Date "2008.07.21"]
[Round "4.57"]
[White "Nielsen, Hogni Eigilstoft"]
[Black "Akdag, Dara"]
[Result "0-1"]
[WhiteElo "1507"]
[BlackElo "2172"]
[PlyCount "66"]
[EventDate "2008.07.20"]
[EventType "swiss"]
[EventRounds "9"]
[EventCountry "DEN"]
[Source "lmi"]
[SourceDate "2008.07.20"]
[WhiteTeam "Sandavags Talvfelag"]
[BlackTeam "BMS"]

1. e4 c5 2. Nf3 d6 3. c3 Nf6 4. Be2 g6 5. O-O Bg7 6. d3 O-O 7. Be3 Nc6 8. Nbd2
Rb8 9. Re1 b5 10. d4 Ng4 11. Nf1 Nxe3 12. Nxe3 b4 13. Bc4 a5 14. a4 Qb6 15. Bb5
Bb7 16. d5 Na7 17. Nc4 Qc7 18. Qd2 Bc8 19. cxb4 axb4 20. Qe2 Qd8 21. Ne3 Nxb5
22. axb5 Bd7 23. Nd2 Bxb2 24. Rab1 Bxb5 25. Qd1 Bc3 26. f4 Bd3 27. Rb3 Qc8 28.
Qc1 Bxd2 29. Qxd2 Bxe4 30. h3 Qb7 31. g4 c4 32. Nxc4 Bxd5 33. Qd4 Qb5 0-1

[Event "Politiken Cup 2008"]
[Site "Helsingør DEN"]
[Date "2008.07.21"]
[Round "4.59"]
[White "Bach, Matthias"]
[Black "Bjorneboe, Kristian"]
[Result "1/2-1/2"]
[WhiteElo "2272"]
[BlackElo "1850"]
[PlyCount "133"]
[EventDate "2008.07.20"]
[EventType "swiss"]
[EventRounds "9"]
[EventCountry "DEN"]
[Source "lmi"]
[SourceDate "2008.07.20"]
[WhiteTeam "Hsk V 1830"]
[BlackTeam "Ålsgårde"]

1. d4 Nf6 2. c4 e6 3. g3 d5 4. Bg2 c6 5. Nf3 Nbd7 6. O-O Bd6 7. Bf4 Bxf4 8.
gxf4 h6 9. Qc2 Nh5 10. e3 g5 11. f5 exf5 12. cxd5 cxd5 13. Qxf5 Ndf6 14. Qe5+
Be6 15. Rc1 O-O 16. Nbd2 Rc8 17. Rxc8 Qxc8 18. Qd6 Bh3 19. Bxh3 Qxh3 20. Ne5
Rc8 21. Qe7 Qe6 22. Qxe6 fxe6 23. Nb3 Rc2 24. Rc1 Rxc1+ 25. Nxc1 Ne4 26. Ncd3
Ng7 27. Nc5 Nd6 28. Ncd7 Ngf5 29. Kf1 Nf7 30. Nc5 Nd8 31. Ke2 Kg7 32. Kd3 Nd6
33. f3 Kf6 34. Ng4+ Kg7 35. Nd7 h5 36. Nge5 N6f7 37. a3 Nxe5+ 38. Nxe5 Kf6 39.
b4 Nc6 40. Nd7+ Kf5 41. b5 Nd8 42. Ne5 g4 43. fxg4+ hxg4 44. Ke2 a6 45. b6 a5
46. Ke1 Kg5 47. Kf2 Kh4 48. Kg2 a4 49. Kf2 Kh3 50. Ke2 Kh4 51. Kf1 Kh3 52. Kg1
g3 53. hxg3 Kxg3 54. Kf1 Kh4 55. Ke2 Kg5 56. Nd7 Kf5 57. Kd3 Nc6 58. Nc5 Na5
59. Kc3 Nc4 60. e4+ Kf6 61. Nxa4 Nxa3 62. Kb3 Nb5 63. exd5 exd5 64. Nc5 Nxd4+
65. Ka4 Nc6 66. Nxb7 Nb8 67. Kb5 1/2-1/2

[Event "Politiken Cup 2008"]
[Site "Helsingør DEN"]
[Date "2008.07.21"]
[Round "4.60"]
[White "Hansen, Torbjorn Ringdal"]
[Black "Hansen, Rene Rauer"]
[Result "1-0"]
[WhiteElo "2423"]
[BlackElo "2001"]
[PlyCount "37"]
[EventDate "2008.07.20"]
[EventType "swiss"]
[EventRounds "9"]
[EventCountry "DEN"]
[Source "lmi"]
[SourceDate "2008.07.20"]
[WhiteTeam "SK 1911"]
[BlackTeam "Læseforeningen"]

1. e4 c5 2. Nf3 d6 3. d4 cxd4 4. Nxd4 Nf6 5. Nc3 a6 6. Bg5 e6 7. f4 Qc7 8. Qf3
b5 9. Bxf6 gxf6 10. O-O-O Bb7 11. f5 b4 12. fxe6 bxc3 13. Qxf6 cxb2+ 14. Kb1
Rg8 15. Bc4 d5 16. exd5 Rg6 17. exf7+ Qxf7 18. Rhe1+ Be7 19. Qxf7+ 1-0

[Event "Politiken Cup 2008"]
[Site "Helsingør DEN"]
[Date "2008.07.21"]
[Round "4.61"]
[White "Rasmussen, Henning"]
[Black "Humphrey, Jonathan"]
[Result "0-1"]
[WhiteElo "1953"]
[BlackElo "2289"]
[PlyCount "64"]
[EventDate "2008.07.20"]
[EventType "swiss"]
[EventRounds "9"]
[EventCountry "DEN"]
[Source "lmi"]
[SourceDate "2008.07.20"]
[WhiteTeam "Nykøbing Sj"]

1. e4 c5 2. Nf3 e6 3. d4 cxd4 4. Nxd4 a6 5. g3 d5 6. e5 Nc6 7. Nxc6 bxc6 8. Bg2
Qc7 9. O-O Qxe5 10. c4 Nf6 11. Nc3 Qd6 12. Bf4 Qd8 13. cxd5 cxd5 14. Rc1 Bd6
15. Bxd6 Qxd6 16. Na4 O-O 17. Nc5 a5 18. b3 Ba6 19. Nxa6 Rxa6 20. Rc2 a4 21.
Qd4 axb3 22. axb3 Qb6 23. Qxb6 Rxb6 24. Rc3 g6 25. Ra1 Rfb8 26. Ra7 Rxb3 27.
Rcc7 Rf8 28. h3 h5 29. Kh2 Ne8 30. Rd7 Rb6 31. g4 hxg4 32. hxg4 Nf6 0-1

[Event "Politiken Cup 2008"]
[Site "Helsingør DEN"]
[Date "2008.07.21"]
[Round "4.63"]
[White "Pedersen, Henrik B"]
[Black "Tandrup, Michael"]
[Result "1/2-1/2"]
[WhiteElo "2178"]
[BlackElo "1969"]
[PlyCount "69"]
[EventDate "2008.07.20"]
[EventType "swiss"]
[EventRounds "9"]
[EventCountry "DEN"]
[Source "lmi"]
[SourceDate "2008.07.20"]
[WhiteTeam "Herlev"]
[BlackTeam "BMS"]

1. e4 d5 2. exd5 Qxd5 3. Nc3 Qa5 4. Bc4 Nf6 5. d4 c6 6. Bd2 Bg4 7. f3 Bf5 8.
Nd5 Qd8 9. Nxf6+ exf6 10. Qe2+ Qe7 11. O-O-O Qxe2 12. Nxe2 Bd6 13. Bf4 Bxf4+
14. Nxf4 O-O 15. Rhe1 b5 16. Bb3 a5 17. a4 Ra7 18. g4 Bc8 19. d5 bxa4 20. Bxa4
cxd5 21. Nxd5 Kh8 22. Re3 Na6 23. Rde1 Be6 24. Nf4 Nc5 25. Nxe6 fxe6 26. Bb3
Nxb3+ 27. Rxb3 e5 28. Rd1 h5 29. Rd5 hxg4 30. fxg4 Kh7 31. c4 Rc8 32. Rc3 Kg6
33. h4 Kf7 34. b3 Ke6 35. Rb5 1/2-1/2

[Event "Politiken Cup 2008"]
[Site "Helsingør DEN"]
[Date "2008.07.21"]
[Round "4.64"]
[White "Svane, Rasmus"]
[Black "Schultz-Pedersen, Jesper"]
[Result "0-1"]
[WhiteElo "1934"]
[BlackElo "2165"]
[PlyCount "80"]
[EventDate "2008.07.20"]
[EventType "swiss"]
[EventRounds "9"]
[EventCountry "DEN"]
[Source "lmi"]
[SourceDate "2008.07.20"]
[WhiteTeam "Lubecker Schachverein 1873"]
[BlackTeam "Allerød"]

1. e4 Nc6 2. Nf3 e6 3. d4 d5 4. Nbd2 Nf6 5. e5 Nd7 6. Be2 f6 7. exf6 Qxf6 8.
Nf1 Bd6 9. Ne3 Nf8 10. Ng4 Qf7 11. O-O Bd7 12. c4 dxc4 13. Bxc4 O-O-O 14. a3 h6
15. b4 Qh5 16. h3 Ng6 17. Re1 Nh4 18. Nxh4 Qxh4 19. b5 Ne7 20. Bxe6 Rhf8 21.
Bxd7+ Rxd7 22. Qc2 Nf5 23. Be3 g5 24. Ne5 Rg7 25. Rad1 g4 26. hxg4 Bxe5 27.
dxe5 Qxg4 28. f4 Rfg8 29. Rd2 Nh4 30. Ree2 Nf3+ 31. Kf1 Qh5 32. Qc5 Qh1+ 33.
Bg1 Nxd2+ 34. Ke1 Nf3+ 35. gxf3 Rxg1+ 36. Kd2 Qxf3 37. Qxa7 Rd8+ 38. Kc2 Qxe2+
39. Kb3 Rb1+ 40. Ka4 Qxb5# 0-1

[Event "Politiken Cup 2008"]
[Site "Helsingør DEN"]
[Date "2008.07.21"]
[Round "4.65"]
[White "Flindt, Thomas"]
[Black "Henrichsen, Jens"]
[Result "1-0"]
[WhiteElo "2166"]
[BlackElo "1966"]
[PlyCount "53"]
[EventDate "2008.07.20"]
[EventType "swiss"]
[EventRounds "9"]
[EventCountry "DEN"]
[Source "lmi"]
[SourceDate "2008.07.20"]
[WhiteTeam "Næstved"]
[BlackTeam "AS04"]

1. d4 Nf6 2. Nc3 d5 3. e4 dxe4 4. f3 exf3 5. Nxf3 e6 6. Bd3 Nc6 7. Qd2 Nb4 8.
O-O Be7 9. Bb5+ c6 10. Ba4 O-O 11. Ne2 Ne4 12. Qe1 a5 13. a3 Na6 14. c3 c5 15.
Bc2 f5 16. Nf4 g5 17. Bxe4 fxe4 18. Ne5 gxf4 19. Bxf4 Bh4 20. Qe2 cxd4 21. Qg4+
Kh8 22. Nf7+ Rxf7 23. Be5+ Bf6 24. Qg5 Bxe5 25. Qxd8+ Kg7 26. Qg5+ Kf8 27. Qxe5
1-0

[Event "Politiken Cup 2008"]
[Site "Helsingør DEN"]
[Date "2008.07.21"]
[Round "4.66"]
[White "Eriksson, Magnus"]
[Black "Grass, Ernest"]
[Result "1-0"]
[WhiteElo "2163"]
[BlackElo "1953"]
[PlyCount "91"]
[EventDate "2008.07.20"]
[EventType "swiss"]
[EventRounds "9"]
[EventCountry "DEN"]
[Source "lmi"]
[SourceDate "2008.07.20"]
[WhiteTeam "Horndal"]
[BlackTeam "Schachfreunde Braunfelds"]

1. d4 Nf6 2. c4 d6 3. Nc3 g6 4. e4 Bg7 5. Be2 O-O 6. Bg5 Nbd7 7. Qd2 c5 8. d5
Qa5 9. Nf3 a6 10. O-O Rb8 11. a4 Re8 12. h3 Qc7 13. Rfd1 Nf8 14. e5 dxe5 15.
Nxe5 Ne4 16. Nxe4 Bxe5 17. Be3 b6 18. f4 Bg7 19. Ng5 h6 20. Nf3 f5 21. Ne5 Qd6
22. Rac1 a5 23. Bd3 e6 24. Re1 exd5 25. cxd5 Bb7 26. Bb5 Re7 27. Kh1 Rc8 28.
Nc4 Qd8 29. d6 Re6 30. d7 Rc7 31. Nxb6 Rxb6 32. Bxc5 Rxb5 33. axb5 Rxd7 34. Qe3
Rd2 35. Re2 Rxe2 36. Qxe2 Qf6 37. Rc2 Ne6 38. Bd6 Qf7 39. Rd2 Nd4 40. Qd3 Be4
41. Qc3 Qb7 42. Be5 Nxb5 43. Qc4+ Kf8 44. Qe6 Qe7 45. Bxg7+ Ke8 46. Qg8+ 1-0